000
00416nam a2200145Ia 4500
008
100122s9999 xx 000 0 und d
082
_b
3908
_a
822
100
_a
लेखक शोधणे
245
_a
माईची माया
260
_b
प्रकाशक शोधणे
_c
1924
300
_a
50
630
_a
माईची माया
730
_a
माईची माया
942
_c
BOOK
999
_c
397738
_d
397735